LEADER 01148nam a2200289 i 4500 001 991001760689707536 008 030828s1984 it 000 0 ita d 020 $a8820711699 035 $ab12193215-39ule_inst 040 $aDip.to Scienze dell'Antichità$bita 082 0 $a303.34 245 00$aForme di potere e pratica del carisma /$c[relazioni di] C. Gallini ... [et al.] ; a cura di Jean-Michel Sallmann 260 $aNapoli :$bLiguori,$c1984(stampa 1983) 300 $a137 p. ;$c21 cm 440 0$aBiblioteca. Anthropos$v8 500 $aPresentate a una tavola rotonda tenuta a Roma nel 1980. - In cop.: A cura di Ph. Levillain e J. M. Sallmann 650 4$aComando 650 4$aCapi$xSociologia 700 1 $aSallmann, Jean-Michel 700 1 $aLevillain, Philippe 700 1 $aGallini, Clara 907 $a.b12193215$b09-03-22$c28-08-03 912 $a991001760689707536 945 $aLE015 150 - 12$g1$i2015000068880$lle007$nLE015-0306$o-$pE12.50$q-$rl$s- $t0$u3$v0$w3$x0$y.i1256025x$z28-08-03 996 $aForme di potere e pratica del carisma$9157015 997 $aUNISALENTO 998 $ale007$b28-08-03$cm$d- $e-$fita$git $h0$i0 LEADER 01042nam a2200301 i 4500 001 991001160959707536 005 20020507184350.0 008 971119s1995 uk ||| | eng 020 $a0122277406 035 $ab10809181-39ule_inst 035 $aLE01307996$9ExL 040 $aDip.to Matematica$beng 082 0 $a006.7 084 $aAMS 68U99 084 $aCR H.5.1 100 1 $aEarnshaw, R. A.$0536190 245 10$aMultimedia systems and applications /$cedited by R. A. Earnshaw and J. A. Vince 260 $aLondon :$bAcademic Press,$cc1995 300 $axvii, 264 p., 18 plates :$bill. ;$c25 cm + 1 cd. 500 $aIncludes index 650 4$aMultimedia systems 700 1 $aVince, J. A. 907 $a.b10809181$b21-09-06$c28-06-02 912 $a991001160959707536 945 $aLE013 68U EAR11 (1995)$g1$i2013000091730$lle013$o-$pE0.00$q-$rl$s- $t0$u1$v0$w1$x0$y.i10914390$z28-06-02 996 $aMultimedia systems and applications$9925015 997 $aUNISALENTO 998 $ale013$b01-01-97$cm$da $e-$feng$guk $h0$i1